000 00970nmc a2200301 a 4500
003 AR-BaBNM
005 20251128205333.0
008 057019s1996 ||||||||||||||000 | spa||
020 _a92-3-203194-9
040 _cAR-BaBNM
100 1 _aHamadache, Ali
245 1 0 _aSavoir lire, et après ?
_bproduire les matériales de lecture pour la postalphabétisation : guide pratique illustré
260 _aParís
_bUnesco
_c1996
300 0 _a114 p.
_bil., gráfs., diagr.
490 0 _aLa bibliothèque de formation professionnelle
504 _aContiene bibliografía en notas
650 4 _aEDUCACION DE ADULTOS
650 4 _aACTIVIDADES DE APRENDIZAJE
650 4 _aALFABETIZACION
650 4 _aMATERIAL DE LECTURA
650 4 _aCAMPANAS DE ALFABETIZACION
650 4 _aMATERIAL DIDACTICO
650 4 _aMETODOS DE ALFABETIZACION
650 4 _aPROGRAMAS DE POSTALFABETIZACION
650 4 _aPROGRAMAS DE ALFABETIZACION
942 _cBK
998 _csilvi
999 _c10989
_d10989